GM crop trial sites published (Record no. 66270)
[ view plain ]
| 000 -LEADER | |
|---|---|
| fixed length control field | 00885cam a2200181 4500 |
| 001 - CONTROL NUMBER | |
| control field | WB3709-30 |
| 008 - FIXED-LENGTH DATA ELEMENTS--GENERAL INFORMATION | |
| fixed length control field | 000000n2001 000 0 eng u |
| 035 ## - SYSTEM CONTROL NUMBER | |
| System control number | (Sirsi) u111226 |
| 245 ## - TITLE STATEMENT | |
| Title | GM crop trial sites published |
| 260 ## - PUBLICATION, DISTRIBUTION, ETC. | |
| Date of publication, distribution, etc. | 2001 |
| 490 ## - SERIES STATEMENT | |
| Series statement | DETR News Release |
| Volume/sequential designation | (107) 28 February 2001, (4) |
| 520 ## - SUMMARY, ETC. | |
| Summary, etc. | The DETR has published details of the locations of the proposed sites of spring trials of genetically modified oilseed rape and beet. Sowing of the herbicide tolerant rape is expected to begin in mid March with the beet being sown later in the month. Sites for trials of GM maize will be announced in the week beginning 26 March 2001. Full details of the sites are available on the DETR website at http://www.detr.gov.uk. |
| 590 ## - LOCAL NOTE (RLIN) | |
| Local note | WB |
| 650 ## - SUBJECT ADDED ENTRY--TOPICAL TERM | |
| Topical term or geographic name entry element | CROP TRIALS |
| 650 ## - SUBJECT ADDED ENTRY--TOPICAL TERM | |
| Topical term or geographic name entry element | GENETICALLY MODIFIED CROPS |
| 690 ## - LOCAL SUBJECT ADDED ENTRY--TOPICAL TERM (OCLC, RLIN) | |
| Topical term or geographic name as entry element | RURAL-AGRICULTURE AND FORESTRY |
| 942 ## - ADDED ENTRY ELEMENTS (KOHA) | |
| Suppress in OPAC | 0 |
| Withdrawn status | Lost status | Source of classification or shelving scheme | Damaged status | Not for loan | Home library | Current library | Shelving location | Date acquired | Total Checkouts | Full call number | Barcode | Date last seen | Copy number | Price effective from | Koha item type |
|---|---|---|---|---|---|---|---|---|---|---|---|---|---|---|---|
| Dewey Decimal Classification | London | London | News article | 01/03/2001 | WB3709-30 | 111226-1001 | 06/08/2019 | 1 | 06/08/2019 | News article |